000 00336nam a22001577a 4500
003 SGT
082 _a611
_bH15S
100 _aSINGH, INDERBIR
_91
245 _aHUMAN EMBRYOLOGY
250 _a10TH
260 _aDELHI
_bHEALTH SCIENCE
_c2015
300 _a384
650 _aEMBRYOLOGY
653 _aHUMAN EMBRYOLOGY
942 _2ddc
_cBK
_098
999 _c8287
_d8287